Social movements:
Este libro brinda un clásico y contemporáneo análisis de los movimientos sociales y las acciones colectivas. Se divide en seis partes tituladas respectivamente: Aproximaciones disciplinarias; Cuestiones conceptuales; Debates y crítica; Estudios contemporáneos; El futuro de los movimientos sociales y...
Gorde:
| Egile nagusia: | |
|---|---|
| Formatua: | Ezezaguna |
| Hizkuntza: | English |
| Argitaratua: |
New York (State) :
New York University Press,
|
| Gaiak: | |
| Etiketak: |
Etiketa erantsi
Etiketarik gabe, Izan zaitez lehena erregistro honi etiketa jartzen!
|
MARC
| LEADER | 00000 a2200000 04500 | ||
|---|---|---|---|
| 001 | 40046 | ||
| 003 | cru CIDCACS/IIS | ||
| 005 | 20171109133138.0 | ||
| 008 | 050617s1995 nyu eng d | ||
| 999 | |c 8393 |d 8393 | ||
| 020 | |a 0-8147-5086-9 | ||
| 040 | |c CIDCACS/IIS | ||
| 090 | |a 05.03.04 S785s | ||
| 100 | |a Lyman, Stanford M. | ||
| 245 | |a Social movements: |a Critiques, concepts, case-studies / |c Stanford M. Lyman | ||
| 260 | |a New York (State) : |b New York University Press, | ||
| 300 | |a 450 páginas | ||
| 500 | |a Colección Cambio Social donada por Paul Almeida | ||
| 520 | |a Este libro brinda un clásico y contemporáneo análisis de los movimientos sociales y las acciones colectivas. Se divide en seis partes tituladas respectivamente: Aproximaciones disciplinarias; Cuestiones conceptuales; Debates y crítica; Estudios contemporáneos; El futuro de los movimientos sociales y Los movimientos sociales en el pensamiento sociológico. | ||
| 590 | |a RRA/ENERO2011 | ||
| 650 | |a MOVIMIENTOS SOCIALES | ||
| 650 | |a ACCION COLECTIVA | ||
| 650 | |a TEORIA | ||
| 650 | |a CONFLICTOS SOCIALES | ||
| 650 | |a MOVILIZACION SOCIAL | ||
| 650 | |a CAMBIO SOCIAL | ||
| 650 | |a COMPORTAMIENTO SOCIAL | ||
| 942 | |2 ddc |c LI | ||



